000 01073nam a22002417a 4500
999 _c61072
_d61072
003 Ge_BSU
005 20231213143427.0
008 231213s2018 ge ||||| |||| 00| 0 geo d
020 _a9789941477041
041 _ageo
080 _a631.15 ნ-69
100 _aნიჟარაძე, ამირან.
_920704
245 _aსოფლის მეურნეობის წარმოების ორგანიზაცია :
_b აგრონომის რეკომენდაციები /
_cამირან ნიჟარაძე.
264 _aთბილისი :
_bსაარი,
_c2018.
300 _a330 გვ. :
_bილ., ცხრ. ;
_c21 სმ.
653 _aმემინდვრეობა
653 _aმეფრინველეობა
653 _aმეციტრუსეობა
653 _aმებოსტნეობა
653 _aსიმინდის კულტურა
653 _aმზესუმზირის კულტურა
942 _2udc
_cᲬᲘᲒᲜᲘ